|
|
|
|
| LEADER |
01454nam a2200361 a 4500 |
| 001 |
000030616 |
| 003 |
CZ BrMZK |
| 005 |
20240307153402.0 |
| 008 |
010907s1995 xr e f 0 cze d |
| 015 |
|
|
|a cnb000111530
|
| 020 |
|
|
|a 80-85876-08-6
|
| 040 |
|
|
|a BOA001
|b cze
|
| 072 |
|
7 |
|a 159.96
|x Zvláštní duševní stavy a procesy. Hlubinná psychologie
|2 Konspekt
|9 17
|
| 080 |
|
|
|a 159.961
|2 MRF
|
| 080 |
|
|
|a 001.94
|2 MRF
|
| 080 |
|
|
|a (048.8)
|2 MRF
|
| 080 |
|
|
|a (0.062)
|2 MRF
|
| 100 |
1 |
|
|a Rejdák, Zdeněk,
|d 1934-2004
|7 jk01102264
|4 aut
|
| 245 |
1 |
0 |
|a Perspektivy telepatie :
|b slavné psychotronické fenomény 20. století /
|c Zdeněk Rejdák, Karel Drbal
|
| 250 |
|
|
|a Rozš. a dopl. vyd.
|
| 260 |
|
|
|a Praha :
|b Eminent,
|c 1995
|
| 300 |
|
|
|a 333 s. :
|b il. ;
|c 21 cm
|
| 500 |
|
|
|a Bibliogr. s. 312-316
|
| 650 |
0 |
7 |
|a psychotronika
|7 ph115955
|2 czenas
|
| 650 |
0 |
7 |
|a nevysvětlené jevy
|7 ph117239
|2 czenas
|
| 655 |
|
7 |
|a přehledy
|7 fd133202
|2 czenas
|
| 655 |
|
7 |
|a populárně-naučné publikace
|7 fd131864
|2 czenas
|
| 700 |
1 |
|
|a Drbal, Karel
|7 jk01023021
|4 aut
|
| 856 |
4 |
1 |
|u http://www.digitalniknihovna.cz/mzk/uuid/uuid:63991030-1915-11e3-9319-005056827e51
|y Digitalizovaný dokument
|x NDK
|
| 910 |
|
|
|a BOA001
|b Z-1011.070
|
| 990 |
|
|
|a BK
|
| 996 |
6 |
|
|b 2610023915
|c Z-1011.070
|l MZK
|r Sklad / do 24 hodin
|n 3
|p kup
|w 000030616
|u 000010
|a 1
|e BOA001
|j MZK50
|s P
|
| 996 |
6 |
|
|b 2610034140
|c Z-1011.070
|l MZK
|r Sklad / do 24 hodin
|n 0
|p p.v.
|w 000030616
|u 000020
|a 1
|e BOA001
|j MZK50
|s P
|